LEADER 02359nam 2200529 450 001 9910149709603321 005 20230607230734.0 010 $a981-4542-71-7 010 $a981-4525-78-2 035 $a(CKB)2660000000040932 035 $a(MiAaPQ)EBC4731828 035 $a(WSP)00004586 035 $a(EXLCZ)992660000000040932 100 $a20010802h20012001 uy| 0 101 0 $aeng 135 $aurcnu|||||||| 181 $2rdacontent 182 $2rdamedia 183 $2rdacarrier 200 10$aDIS 2000 $e8th International Workshop on Deep Inelastic Scattering : University of Liverpool, Liverpool, 25-30 April 2000 /$feditors, J.A. Gracey & T. Greenshaw 210 1$aSingapore ;$aRiver Edge, NJ :$cWorld Scientific,$d[2001] 210 4$d©2001 215 $a1 online resource (774 pages) $cillustrations 300 $a"Proceedings of the 8th International Workshop on Deep Inelastic Scattering (DIS 2000)--T.p. verso. 311 $a981-02-4493-2 320 $aIncludes bibliographical references. 330 $aThis volume focusses on four main topics: structure functions, tests of quantum chromodynamics, physics at the highest Q2 and p2T, and high energy scattering and diffraction. Comprehensive review articles on hadronic and photon structure, lepton?parton and parton?parton physics as well as future experimental opportunities are presented, together with a special lecture on HERA's legacy after the first decade of operation.--Publisher's website. 517 3 $aEighth International Workshop on Deep Inelastic Scattering 517 3 $a8th International Workshop on Deep Inelastic Scattering 517 3 $aDeep inelastic scattering 517 3 $aProceedings of the 8th International Workshop on Deep Inelastic Scattering (DIS 2000) 606 $aDeep inelastic collisions$vCongresses 606 $aPhotonuclear reactions$vCongresses 606 $aParticles (Nuclear physics)$xDiffraction$vCongresses 615 0$aDeep inelastic collisions 615 0$aPhotonuclear reactions 615 0$aParticles (Nuclear physics)$xDiffraction 676 $a539.7/58 702 $aGracey$b J. A$g(John A.), 702 $aGreenshaw$b T$g(Tim), 801 0$bMiAaPQ 801 1$bMiAaPQ 801 2$bMiAaPQ 906 $aBOOK 912 $a9910149709603321 996 $aDIS 2000$92867766 997 $aUNINA LEADER 04897nam 2200649Ia 450 001 9910781812003321 005 20230721032327.0 010 $a94-012-0593-0 010 $a1-4356-4752-1 024 7 $a10.1163/9789401205931 035 $a(CKB)1000000000488593 035 $a(EBL)556447 035 $a(OCoLC)712988586 035 $a(SSID)ssj0000234760 035 $a(PQKBManifestationID)12077696 035 $a(PQKBTitleCode)TC0000234760 035 $a(PQKBWorkID)10242579 035 $a(PQKB)10090962 035 $a(MiAaPQ)EBC556447 035 $a(OCoLC)712988586$z(OCoLC)232968124$z(OCoLC)740821623$z(OCoLC)748599288$z(OCoLC)764536084$z(OCoLC)768687688$z(OCoLC)770836773$z(OCoLC)889057411$z(OCoLC)961485357$z(OCoLC)988492329$z(OCoLC)992065390 035 $a(nllekb)BRILL9789401205931 035 $a(Au-PeEL)EBL556447 035 $a(CaPaEBR)ebr10380287 035 $a(EXLCZ)991000000000488593 100 $a20080616d2007 uy 0 101 0 $ager 135 $aur|n|---||||| 181 $ctxt 182 $cc 183 $acr 200 00$aRefugee archives$b[electronic resource] $etheory and practice /$fedited by Andrea Hammel and Anthony Grenville; with assistance from Sharon Krummel 210 $aAmsterdam ;$aNew York, NY $cRodopi$d2007 215 $a1 online resource (215 p.) 225 1 $aThe Yearbook of the Research Centre for German and Austrian Exile Studies,$x1388-3720 ;$v9 300 $aDescription based upon print version of record. 311 $a90-420-2407-0 320 $aIncludes bibliographical references and index. 327 $tPreliminary Material /$rArvydas ?liogeris -- $tEin Blick zurück und nach vorn ? Das Deutsche Exilarchiv 1933-1945 und die Sammlung Exil-Literatur 1933-1945 der Deutschen Nationalbibliothek /$rSylvia Asmus -- $tVon Thoor zu Wolf. Dokumente zum österreichischen Exil in Großbritannien an der Österreichischen Exilbibliothek, Literaturhaus in Wien /$rUrsula Seeber -- $tThe Wiener Library: A Repository of Schicksale /$rHoward Falksohn -- $tResources Relating to German-speaking Refugees in Ireland, 1933-1945 ? Some Initial Thoughts and Results /$rGisela Holfter , Siobhan O?Connor and Birte Schulz -- $tFifty Years of Exile Research in the USA: A Personal Overview /$rJohn Spalek -- $tThe Online Database of British Archival Resources Relating to German-speaking Refugees (BARGE) in Context /$rAndrea Hammel -- $tExilpresse digital in Support of Researching Visual Material: Images in Die Zeitung /$rJutta Vinzent -- $t?Between Our Two Peoples?: The Archives of the Anglo-Austrian Society and the Anglo-Austrian Music Society /$rCharmian Brinson -- $t?Now you see them, now you don?t.? The Archives of the Refugee Committee of the British Federation of University Women /$rSusan Cohen -- $t?Dein grosser Brief war ein Ereignis?: the private and professional correspondence of the refugee art historians Hilde and Otto Kurz /$rAnna Nyburg -- $tMedical Refugees as Practitioners and Patients: Public, Private and Practice Records /$rPaul Weindling -- $tTylers Green Papers ? The Unique Archives of a War-Time Hostel /$rBernd Koschland -- $tThe relationship between oral history collections and community life: Impacts of the ?Refugee Communities History Project? (RCHP) /$rZibiah Alfred -- $tIndex /$rArvydas ?liogeris -- $tYearbook of the Research Centre for German and Austrian Exile Studies, Volume 10 /$rArvydas ?liogeris. 330 $aThis volume gives an extensive overview of current developments in the field of archival collections relating to German-speaking refugees located in Germany, Austria, the USA, Ireland and the UK. The contributions illustrate the three interlinked areas of refugee archives, Exile and Migration Studies research and related databases and other resources. The articles investigate their interrelationship as well as the future challenges facing all three areas by focussing on larger archival holdings as well as collections relating to individuals and organisations and more recently established electronic and online resources and finding aids. The volume is aimed at researchers and archival practioners alike and should be especially useful for anyone starting out in the field. 410 0$aYearbook of the Research Centre for German and Austrian Exile Studies ;$v9. 606 $aRefugees$zGermany$vArchives 606 $aRefugees$zAustria$vArchives 606 $aPolitical refugees$zGermany$vArchives 615 0$aRefugees 615 0$aRefugees 615 0$aPolitical refugees 676 $a016.32743 701 $aHammel$b Andrea$01582336 701 $aGrenville$b Anthony$01522223 701 $aKrummel$b Sharon$01582337 801 0$bMiAaPQ 801 1$bMiAaPQ 801 2$bMiAaPQ 906 $aBOOK 912 $a9910781812003321 996 $aRefugee archives$93864625 997 $aUNINA